100 Largest US Cities - S - Statistics

General Stats
  • This quiz has been taken 413 times
  • The average score is 44 of 100
Answer Stats
Rank Population City % Correct
2 1,427,720 San Diego, CA
97%
4 883,255 San Francisco, CA
97%
1 1,581,730 San Antonio, TX
95%
5 776,555 Seattle, WA
95%
3 1,009,340 San Jose, CA
94%
6 525,398 Sacramento, CA
92%
10 294,890 St. Louis, MO
88%
9 310,368 St. Paul, MN
83%
7 333,130 Santa Ana, CA
82%
33 113,010 Springfield, IL
81%
24 152,160 Springfield, MA
81%
21 168,568 Springfield, MO
81%
77 58,105 Springfield, OH
81%
71 64,078 Springfield, OR
81%
13 227,579 Spokane, WA
80%
27 141,491 Syracuse, NY
79%
99 43,134 Salem, MA
77%
19 177,803 Salem, OR
77%
26 141,758 Savannah, GA
76%
73 60,390 St. Peters, MO
76%
16 200,831 Salt Lake City, UT
75%
48 91,686 Santa Barbara, CA
74%
17 190,583 Sioux Falls, SD
74%
8 314,835 Stockton, CA
74%
11 267,121 St. Petersburg, FL
73%
51 85,627 Santa Fe, NM
69%
14 214,706 San Bernardino, CA
68%
28 132,925 Santa Clara, CA
68%
18 182,616 Shreveport, LA
66%
52 83,193 Sioux City, IA
66%
15 211,839 Santa Clarita, CA
63%
49 88,991 Santa Monica, CA
61%
20 176,759 Santa Rosa, CA
61%
35 107,353 Santa Maria, CA
59%
12 265,249 Scottsdale, AZ
59%
57 75,925 Scranton, PA
56%
41 102,136 South Bend, IN
54%
94 46,236 Salina, KS
52%
74 59,363 Sarasota, FL
50%
30 129,302 Stamford, CT
50%
68 64,538 Santa Cruz, CA
49%
22 155,101 Salinas, CA
47%
38 103,520 San Mateo, CA
45%
23 152,495 Sunnyvale, CA
43%
43 95,666 Sandy, UT
42%
45 94,535 St. George, UT
41%
58 73,417 St. Joseph, MO
40%
37 104,564 Spokane Valley, WA
39%
25 149,558 Surprise, AZ
39%
36 107,060 Sparks, NV
36%
54 81,561 Springdale, AR
35%
46 94,374 Suffolk, VA
35%
39 102,994 San Angelo, TX
34%
29 131,864 Sterling Heights, MI
34%
34 110,664 Sandy Springs, GA
33%
83 55,337 St. Cloud, FL
33%
62 69,024 St. Cloud, MN
33%
32 117,910 Sugar Land, TX
33%
93 47,725 Saginaw, MI
31%
91 47,777 San Luis Obispo, CA
31%
61 71,470 St. Charles, MO
31%
44 95,060 Sunrise, FL
30%
42 97,032 San Marcos, CA
28%
64 66,952 San Marcos, TX
28%
31 125,963 Simi Valley, CA
28%
84 53,887 Summerville, SC
28%
67 65,129 Schenectady, NY
27%
50 87,019 San Leandro, CA
25%
79 57,912 San Rafael, CA
25%
88 49,939 Stillwater, OK
23%
66 65,555 Shawnee, KS
22%
81 56,974 Smyrna, GA
22%
85 53,262 Smyrna, TN
22%
63 68,133 South San Francisco, CA
22%
80 57,382 Southaven, MS
21%
56 76,283 San Ramon, CA
20%
69 64,276 San Clemente, CA
19%
95 46,040 Sherman, TX
19%
53 82,120 South Jordan, UT
19%
70 64,130 Sanford, FL
18%
40 102,909 South Fulton, GA
18%
92 47,725 Sheboygan, WI
17%
55 81,366 Somerville, MA
17%
60 71,885 Schaumburg, IL
16%
59 72,115 Southfield, MI
16%
47 92,062 South Gate, CA
16%
87 50,177 San Jacinto, CA
14%
72 61,758 Skokie, IL
13%
89 48,397 Spring Hill, TN
13%
76 58,355 Santee, CA
12%
65 66,686 Sammamish, WA
10%
78 57,967 Shoreline, WA
9%
100 42,895 Spanish Fork, UT
8%
96 44,436 Strongsville, OH
8%
86 52,120 Stratford, CT
7%
75 58,388 St. Clair Shores, MI
6%
90 48,028 St. Louis Park, MN
6%
98 43,773 Sayreville, NJ
4%
82 55,861 Stonecrest, GA
4%
97 44,056 Schertz, TX
3%
No matching quizzes found
Score Distribution
Percent of People with Each Score
Percentile by Number Answered
Your Score History
You have not taken this quiz